El Sistema Internacional y América Latina: ¿Hacia una nueva era de hegemonía norteamericana? /
Guardado en:
| Autor principal: | |
|---|---|
| Otros Autores: | |
| Formato: | Texto |
| Publicado: |
s.l.:
RIAL
|
| Etiquetas: |
Agregar Etiqueta
Sin Etiquetas, Sea el primero en etiquetar este registro!
|
MARC
| LEADER | 00000 a a2200000 04500 | ||
|---|---|---|---|
| 001 | 22861 | ||
| 003 | |||
| 040 | |||
| 090 | |a 156800 | ||
| 100 | |a Maira, Luis | ||
| 245 | |a El Sistema Internacional y América Latina: ¿Hacia una nueva era de hegemonía norteamericana? / |c Luis Maira | ||
| 260 | |a s.l.: |b RIAL | ||
| 300 | |a 363 p. | ||
| 700 | |a edit. | ||
| 999 | |c 7500 |d 7500 | ||
